<?xml version="1.0" encoding="UTF-8"?>
<record
    xmlns:xsi="http://www.w3.org/2001/XMLSchema-instance"
    xsi:schemaLocation="http://www.loc.gov/MARC21/slim http://www.loc.gov/standards/marcxml/schema/MARC21slim.xsd"
    xmlns="http://www.loc.gov/MARC21/slim">

  <leader>02329nam a22002657a 4500</leader>
  <controlfield tag="003">NALT</controlfield>
  <controlfield tag="005">20260202110659.0</controlfield>
  <controlfield tag="008">221004b        th ||||| |||| 00| 0 tha d</controlfield>
  <datafield tag="020" ind1=" " ind2=" ">
    <subfield code="a">9786162699832</subfield>
  </datafield>
  <datafield tag="040" ind1=" " ind2=" ">
    <subfield code="a">NALT</subfield>
  </datafield>
  <datafield tag="090" ind1=" " ind2=" ">
    <subfield code="a">KE 71</subfield>
    <subfield code="b">&#xE27;225&#xE1A; 2564</subfield>
  </datafield>
  <datafield tag="100" ind1="0" ind2=" ">
    <subfield code="9">26596</subfield>
    <subfield code="a">&#xE27;&#xE23;&#xE1E;&#xE08;&#xE19;&#xE4C; &#xE27;&#xE34;&#xE28;&#xE23;&#xE38;&#xE15;&#xE1E;&#xE34;&#xE0A;&#xE0D;&#xE4C;</subfield>
  </datafield>
  <datafield tag="245" ind1="1" ind2="0">
    <subfield code="a">&#xE1A;&#xE31;&#xE19;&#xE17;&#xE36;&#xE01;&#xE04;&#xE33;&#xE1A;&#xE23;&#xE23;&#xE22;&#xE32;&#xE22;&#xE27;&#xE34;&#xE0A;&#xE32;&#xE01;&#xE0E;&#xE2B;&#xE21;&#xE32;&#xE22;&#xE1B;&#xE01;&#xE04;&#xE23;&#xE2D;&#xE07; &#xE40;&#xE23;&#xE37;&#xE48;&#xE2D;&#xE07; &#xE02;&#xE49;&#xE2D;&#xE04;&#xE27;&#xE32;&#xE21;&#xE04;&#xE34;&#xE14;&#xE41;&#xE25;&#xE30;&#xE2B;&#xE25;&#xE31;&#xE01;&#xE01;&#xE32;&#xE23;&#xE1E;&#xE37;&#xE49;&#xE19;&#xE10;&#xE32;&#xE19;&#xE1A;&#xE32;&#xE07;&#xE1B;&#xE23;&#xE30;&#xE01;&#xE32;&#xE23;&#xE02;&#xE2D;&#xE07;&#xE01;&#xE0E;&#xE2B;&#xE21;&#xE32;&#xE22;&#xE1B;&#xE01;&#xE04;&#xE23;&#xE2D;&#xE07; /</subfield>
    <subfield code="c">&#xE27;&#xE23;&#xE1E;&#xE08;&#xE19;&#xE4C; &#xE27;&#xE34;&#xE28;&#xE23;&#xE38;&#xE15;&#xE1E;&#xE34;&#xE0A;&#xE0D;&#xE4C;.</subfield>
  </datafield>
  <datafield tag="246" ind1="1" ind2="4">
    <subfield code="a">&#xE02;&#xE49;&#xE2D;&#xE04;&#xE27;&#xE32;&#xE21;&#xE04;&#xE34;&#xE14;&#xE41;&#xE25;&#xE30;&#xE2B;&#xE25;&#xE31;&#xE01;&#xE01;&#xE32;&#xE23;&#xE1E;&#xE37;&#xE49;&#xE19;&#xE10;&#xE32;&#xE19;&#xE1A;&#xE32;&#xE07;&#xE1B;&#xE23;&#xE30;&#xE01;&#xE32;&#xE23;&#xE02;&#xE2D;&#xE07;&#xE01;&#xE0E;&#xE2B;&#xE21;&#xE32;&#xE22;&#xE1B;&#xE01;&#xE04;&#xE23;&#xE2D;&#xE07;.</subfield>
  </datafield>
  <datafield tag="250" ind1=" " ind2=" ">
    <subfield code="a">&#xE1E;&#xE34;&#xE21;&#xE1E;&#xE4C;&#xE04;&#xE23;&#xE31;&#xE49;&#xE07;&#xE17;&#xE35;&#xE48; 4.</subfield>
  </datafield>
  <datafield tag="260" ind1=" " ind2=" ">
    <subfield code="a">&#xE01;&#xE23;&#xE38;&#xE07;&#xE40;&#xE17;&#xE1E;&#xE2F; :</subfield>
    <subfield code="b">&#xE27;&#xE34;&#xE0D;&#xE0D;&#xE39;&#xE0A;&#xE19;,</subfield>
    <subfield code="c">2564.</subfield>
  </datafield>
  <datafield tag="300" ind1=" " ind2=" ">
    <subfield code="a">206 &#xE2B;&#xE19;&#xE49;&#xE32; ;</subfield>
    <subfield code="c">26 &#xE0B;&#xE21;.</subfield>
  </datafield>
  <datafield tag="505" ind1="0" ind2=" ">
    <subfield code="a">&#xE1A;&#xE17;&#xE19;&#xE33; -- &#xE1A;&#xE17;&#xE17;&#xE35;&#xE48; 1 &#xE04;&#xE27;&#xE32;&#xE21;&#xE2B;&#xE21;&#xE32;&#xE22;&#xE41;&#xE25;&#xE30;&#xE1B;&#xE23;&#xE30;&#xE40;&#xE20;&#xE17;&#xE02;&#xE2D;&#xE07;&#xE01;&#xE32;&#xE23;&#xE01;&#xE23;&#xE30;&#xE17;&#xE33;&#xE17;&#xE32;&#xE07;&#xE1B;&#xE01;&#xE04;&#xE23;&#xE2D;&#xE07; -- &#xE1A;&#xE17;&#xE17;&#xE35;&#xE48; 2 &#xE04;&#xE27;&#xE32;&#xE21;&#xE2B;&#xE21;&#xE32;&#xE22;&#xE41;&#xE25;&#xE30;&#xE2A;&#xE32;&#xE23;&#xE30;&#xE2A;&#xE33;&#xE04;&#xE31;&#xE0D;&#xE02;&#xE2D;&#xE07;&#xE2B;&#xE25;&#xE31;&#xE01;&#xE04;&#xE27;&#xE32;&#xE21;&#xE0A;&#xE2D;&#xE1A;&#xE14;&#xE49;&#xE27;&#xE22;&#xE01;&#xE0E;&#xE2B;&#xE21;&#xE32;&#xE22;&#xE02;&#xE2D;&#xE07;&#xE01;&#xE32;&#xE23;&#xE01;&#xE23;&#xE30;&#xE17;&#xE33;&#xE17;&#xE32;&#xE07;&#xE1B;&#xE01;&#xE04;&#xE23;&#xE2D;&#xE07; -- &#xE1A;&#xE17;&#xE17;&#xE35;&#xE48; 3 &#xE40;&#xE07;&#xE37;&#xE48;&#xE2D;&#xE19;&#xE44;&#xE02;&#xE41;&#xE2B;&#xE48;&#xE07;&#xE04;&#xE27;&#xE32;&#xE21;&#xE0A;&#xE2D;&#xE1A;&#xE14;&#xE49;&#xE27;&#xE22;&#xE01;&#xE0E;&#xE2B;&#xE21;&#xE32;&#xE22;&#xE02;&#xE2D;&#xE07;&#xE04;&#xE33;&#xE2A;&#xE31;&#xE48;&#xE07;&#xE17;&#xE32;&#xE07;&#xE1B;&#xE01;&#xE04;&#xE23;&#xE2D;&#xE07;&#xE41;&#xE25;&#xE30;&#xE01;&#xE0E; -- &#xE1A;&#xE17;&#xE17;&#xE35;&#xE48; 4 &#xE14;&#xE38;&#xE25;&#xE1E;&#xE34;&#xE19;&#xE34;&#xE08;&#xE41;&#xE25;&#xE30;&#xE2B;&#xE25;&#xE31;&#xE01;&#xE17;&#xE31;&#xE48;&#xE27;&#xE44;&#xE1B;&#xE02;&#xE2D;&#xE07;&#xE01;&#xE32;&#xE23;&#xE43;&#xE0A;&#xE49;&#xE14;&#xE38;&#xE25;&#xE1E;&#xE34;&#xE19;&#xE34;&#xE08;&#xE02;&#xE2D;&#xE07;&#xE1D;&#xE48;&#xE32;&#xE22;&#xE1B;&#xE01;&#xE04;&#xE23;&#xE2D;&#xE07; --&#xE1A;&#xE17;&#xE17;&#xE35;&#xE48; 5 &#xE01;&#xE32;&#xE23;&#xE40;&#xE1E;&#xE34;&#xE01;&#xE16;&#xE2D;&#xE19;&#xE04;&#xE33;&#xE2A;&#xE31;&#xE32;&#xE07;&#xE17;&#xE32;&#xE07;&#xE1B;&#xE01;&#xE04;&#xE23;&#xE2D;&#xE07;&#xE42;&#xE14;&#xE22;&#xE40;&#xE08;&#xE49;&#xE32;&#xE2B;&#xE19;&#xE49;&#xE32;&#xE17;&#xE35;&#xE48;&#xE2B;&#xE23;&#xE37;&#xE2D;&#xE1C;&#xE39;&#xE49;&#xE1A;&#xE31;&#xE07;&#xE04;&#xE31;&#xE1A;&#xE31;&#xE59;&#xE32;&#xE02;&#xE2D;&#xE07;&#xE40;&#xE08;&#xE49;&#xE32;&#xE2B;&#xE19;&#xE49;&#xE32;&#xE17;&#xE35;&#xE48;&#xE1C;&#xE39;&#xE49;&#xE2D;&#xE2D;&#xE01;&#xE04;&#xE33;&#xE2A;&#xE31;&#xE48;&#xE07;&#xE17;&#xE32;&#xE07;&#xE1B;&#xE01;&#xE04;&#xE23;&#xE2D;&#xE07;.</subfield>
  </datafield>
  <datafield tag="650" ind1=" " ind2="0">
    <subfield code="a"> </subfield>
  </datafield>
  <datafield tag="653" ind1=" " ind2="4">
    <subfield code="a">&#xE01;&#xE32;&#xE23;&#xE01;&#xE23;&#xE30;&#xE17;&#xE33;&#xE17;&#xE32;&#xE07;&#xE1B;&#xE01;&#xE04;&#xE23;&#xE2D;&#xE07;</subfield>
  </datafield>
  <datafield tag="850" ind1=" " ind2=" ">
    <subfield code="a">NALT</subfield>
  </datafield>
  <datafield tag="942" ind1=" " ind2=" ">
    <subfield code="c">LB</subfield>
    <subfield code="2">local</subfield>
  </datafield>
  <datafield tag="998" ind1=" " ind2=" ">
    <subfield code="a">bijaya</subfield>
    <subfield code="c">103</subfield>
    <subfield code="b">phon</subfield>
    <subfield code="j">111</subfield>
    <subfield code="k"> &#xE19;&#xE32;&#xE07;&#xE2A;&#xE32;&#xE27;&#xE1E;&#xE08;&#xE1E;&#xE34;&#xE13;  &#xE1E;&#xE23;&#xE21;&#xE40;&#xE2D;&#xE35;&#xE48;&#xE22;&#xE21;</subfield>
  </datafield>
  <datafield tag="999" ind1=" " ind2=" ">
    <subfield code="c">100836</subfield>
    <subfield code="d">100836</subfield>
  </datafield>
  <datafield tag="952" ind1=" " ind2=" ">
    <subfield code="0">0</subfield>
    <subfield code="1">0</subfield>
    <subfield code="2">local</subfield>
    <subfield code="4">0</subfield>
    <subfield code="7">0</subfield>
    <subfield code="8">CLAW</subfield>
    <subfield code="a">NALT</subfield>
    <subfield code="b">NALT</subfield>
    <subfield code="c">LAW</subfield>
    <subfield code="d">2022-10-04</subfield>
    <subfield code="l">32</subfield>
    <subfield code="m">25</subfield>
    <subfield code="o">KE 71 &#xE27;225&#xE1A; 2564</subfield>
    <subfield code="p">3961213256</subfield>
    <subfield code="r">2026-02-05 00:00:00</subfield>
    <subfield code="s">2026-02-02</subfield>
    <subfield code="w">2022-10-04</subfield>
    <subfield code="y">LB</subfield>
  </datafield>
</record>
